福岡県の公立高校 - Statistics

General Stats
  • This quiz has been taken 32 times
  • The average score is 34 of 103
Answer Stats
Answer % Correct
福岡高等学校
90%
小倉高等学校
76%
久留米高等学校
76%
筑紫高等学校
71%
若松高等学校
67%
宗像高等学校
67%
新宮高等学校
67%
春日高等学校
67%
東筑高等学校
62%
修猷館高等学校
62%
糸島高等学校
62%
小倉西高等学校
57%
小倉東高等学校
57%
戸畑高等学校
57%
八幡高等学校
57%
香椎高等学校
57%
筑紫丘高等学校
57%
太宰府高等学校
57%
筑前高等学校
57%
朝倉高等学校
57%
田川高等学校
57%
小倉南高等学校
52%
折尾高等学校
52%
八女高等学校
52%
嘉穂高等学校
52%
京都高等学校
48%
中間高等学校
48%
城南高等学校
48%
福岡工業高等学校
48%
明善高等学校
48%
鞍手高等学校
48%
直方高等学校
48%
行橋高等学校
43%
小倉商業高等学校
43%
小倉工業高等学校
43%
北九州高等学校
43%
北筑高等学校
43%
香住丘高等学校
43%
久留米市立久留米商業高等学校
43%
八幡南高等学校
38%
須恵高等学校
38%
小郡高等学校
38%
八幡工業高等学校
33%
水産高等学校
33%
三井高等学校
33%
久留米市立南筑高等学校
33%
門司学園高等学校
29%
遠賀高等学校
29%
玄界高等学校
29%
香椎工業高等学校
29%
福岡農業高等学校
29%
三潴高等学校
29%
三池高等学校
29%
若松商業高等学校
24%
八幡中央高等学校
24%
光陵高等学校
24%
宇美商業高等学校
24%
山門高校
24%
北九州市立高等学校
24%
福岡市立博多工業高等学校
24%
古賀竟成館高等学校
24%
福岡中央高等学校
24%
苅田工業高等学校
19%
戸畑工業高等学校
19%
福岡魁誠高等学校
19%
浮羽究真館高等学校
19%
八女工業高等学校
19%
福島高等学校
19%
三池工業高等学校
19%
嘉穂東高等学校
19%
嘉穂総合高等学校
19%
筑豊高等学校
19%
鞍手竜徳高等学校
19%
福岡市立福翔高等学校
19%
東鷹高等学校
19%
田川科学技術高等学校
19%
青豊高等学校
14%
育徳館高等学校
14%
門司大翔館高等学校
14%
ひびき高等学校(単位制)
14%
筑紫中央高等学校
14%
武蔵台高等学校
14%
糸島農業高等学校
14%
朝倉東高等学校
14%
朝倉光陽高等学校
14%
伝習館高等学校
14%
西田川高等学校(単位制)
14%
福岡市立福岡女子高等学校
14%
築上西高等学校
10%
博多青松高等学校(単位制、通信制)
10%
柏陵高等学校
10%
早良高等学校
10%
久留米筑水高等学校
10%
大川樟風高等学校
10%
福岡市立福岡西陵高等学校
10%
三井中央高等学校(令和8年3月閉校)
10%
浮羽工業高等学校
10%
稲築志耕館高等学校
10%
玄洋高等学校
5%
八女農業高等学校
5%
ありあけ新世高等学校
5%
大牟田北高等学校(単位制)
5%
福岡講倫館高等学校
5%
No matching quizzes found
Score Distribution
Percent of People with Each Score
Percentile by Number Answered
Your Score History
You have not taken this quiz